Totally bonsai: A guide to growing, shaping, and caring for miniature trees and shrubs
Sparad:
| Huvudupphovsman: | |
|---|---|
| Materialtyp: | Bok |
| Språk: | Undetermined |
| Publicerad: |
Boston, MA>
Tuttle Publishing
2001
|
| Ämnen: | |
| Taggar: |
Lägg till en tagg
Inga taggar, Lägg till första taggen!
|
| Thư viện lưu trữ: | Trung tâm Học liệu Trường Đại học Cần Thơ |
|---|
| LEADER | 00543nam a2200181Ia 4500 | ||
|---|---|---|---|
| 001 | CTU_54756 | ||
| 008 | 210402s9999 xx 000 0 und d | ||
| 020 | |b 203000 | ||
| 082 | |a 635.9772 | ||
| 082 | |b C868 | ||
| 100 | |a Craig Coussins | ||
| 245 | 0 | |a Totally bonsai: A guide to growing, shaping, and caring for miniature trees and shrubs | |
| 245 | 0 | |c Craig Coussins | |
| 260 | |a Boston, MA> | ||
| 260 | |b Tuttle Publishing | ||
| 260 | |c 2001 | ||
| 650 | |a plants, ornamental,bonsai | ||
| 980 | |a Trung tâm Học liệu Trường Đại học Cần Thơ | ||